00237nam a2200109 a 450000500170000000800410001705000130005824500380007150000060010965000060011565000060012120140414132009.0110303s19uu xx 00 eng d aVCDbSP4 aSpirit: stallion of the Cimarron. a  a  a